01278nam a22002057a 4500008004100000020001800041040000800059041000800067100004200075245003900117260004600156300002400202490002800226520036100254520030000615650004100915942000800956952009300964999001501057251021b |||||||| |||| 00| 0 eng d a9782372581219 ctbs afre aMassé, Xavierd1977-926231eauthor aLa route du lacc/ Xavier Massé. aPeymeinade :bTaurnada Éditions,c2023. a279 pages ;c18 cm. a Le tourbillon des mots aBlaches est un charmant village réputé pour sa tranquillité… Jusqu'au jour où, au lendemain d'une soirée, trois étudiants sont portés disparus. Que s'est-il passé cette nuit-là ? Que s'est-il passé sur l'unique route qui mène au lac ? Amis, voisins, connaissances… pour les enquêteurs, tous sont suspects. Bienvenue à Blaches. aBlaches is a charming village known for its tranquility… until one day, after a party, three students go missing. What happened that night? What happened on the only road leading to the lake? Friends, neighbors, acquaintances—for the investigators, everyone is a suspect. Welcome to Blaches. 0aDetective and mystery fiction911612 2lcc 00102lcc4070aTBSbTBSd2025-10-21l0oP-FR MASpB05720r2025-10-21t1w2025-10-21y1 c5069d5069